Why Barker faces a fight on two fronts (Record no. 74480)
[ view plain ]
| 000 -LEADER | |
|---|---|
| fixed length control field | 01826cab a2200313 4500 |
| 001 - CONTROL NUMBER | |
| control field | ABS68034 |
| 008 - FIXED-LENGTH DATA ELEMENTS--GENERAL INFORMATION | |
| fixed length control field | 040722n2004 000 0 eng u |
| 035 ## - SYSTEM CONTROL NUMBER | |
| System control number | (Sirsi) u126906 |
| 100 ## - MAIN ENTRY--PERSONAL NAME | |
| Personal name | Minton, A. |
| 245 ## - TITLE STATEMENT | |
| Title | Why Barker faces a fight on two fronts |
| 260 ## - PUBLICATION, DISTRIBUTION, ETC. | |
| Date of publication, distribution, etc. | 2004 |
| 490 ## - SERIES STATEMENT | |
| Series statement | Estates Gazette |
| Volume/sequential designation | (0424) 12 June 2004, 52-56(5) |
| 520 ## - SUMMARY, ETC. | |
| Summary, etc. | Analyses government and Conservative assessments of the Barker review's calls for increased housing supply and more social housing to tackle the housing crisis in London and southeast England. It is not a simple choice between massive house building or massive house prices. House price inflation presents government with a dilemma, as house price growth is a motor of economic growth, although it prevents the less affluent from mounting the housing ladder. Government seems discomforted by Barker's advocacy of increased social housing and the Conservatives are against growing the housing supply and social housing. Notes that the head of English Partnerships, given a major role in master planning housing growth by the Communities Plan, backs a land tax to achieve the required growth. Provides a chronology of government steps to close the housing gap and a table covering construction of new homes and social housing 1980-2002. |
| 590 ## - LOCAL NOTE (RLIN) | |
| Local note | ABS |
| 650 ## - SUBJECT ADDED ENTRY--TOPICAL TERM | |
| Topical term or geographic name entry element | LONDON |
| 650 ## - SUBJECT ADDED ENTRY--TOPICAL TERM | |
| Topical term or geographic name entry element | Affordable housing |
| 9 (RLIN) | 6215 |
| 650 ## - SUBJECT ADDED ENTRY--TOPICAL TERM | |
| Topical term or geographic name entry element | SUSTAINABLE COMMUNITIES: BUILDING FOR THE FUTURE |
| 650 ## - SUBJECT ADDED ENTRY--TOPICAL TERM | |
| Topical term or geographic name entry element | HOUSING CRISIS |
| 650 ## - SUBJECT ADDED ENTRY--TOPICAL TERM | |
| Topical term or geographic name entry element | SOUTHEAST ENGLAND |
| 650 ## - SUBJECT ADDED ENTRY--TOPICAL TERM | |
| Topical term or geographic name entry element | SOCIAL HOUSING |
| 650 ## - SUBJECT ADDED ENTRY--TOPICAL TERM | |
| Topical term or geographic name entry element | BARKER REVIEW OF HOUSING SUPPLY: SECURING OUR FUTURE HOUSING NEEDS |
| 650 ## - SUBJECT ADDED ENTRY--TOPICAL TERM | |
| Topical term or geographic name entry element | HOUSING SUPPLY |
| 650 ## - SUBJECT ADDED ENTRY--TOPICAL TERM | |
| Topical term or geographic name entry element | LAND TAX |
| 650 ## - SUBJECT ADDED ENTRY--TOPICAL TERM | |
| Topical term or geographic name entry element | HOUSE PRICE INFLATION |
| 650 ## - SUBJECT ADDED ENTRY--TOPICAL TERM | |
| Topical term or geographic name entry element | HOUSE BUILDING |
| 650 ## - SUBJECT ADDED ENTRY--TOPICAL TERM | |
| Topical term or geographic name entry element | Affordable housing |
| 9 (RLIN) | 6215 |
| 690 ## - LOCAL SUBJECT ADDED ENTRY--TOPICAL TERM (OCLC, RLIN) | |
| Topical term or geographic name as entry element | HOUSING-DEVELOPMENT |
| 942 ## - ADDED ENTRY ELEMENTS (KOHA) | |
| Suppress in OPAC | 0 |
| Withdrawn status | Lost status | Source of classification or shelving scheme | Damaged status | Not for loan | Home library | Current library | Shelving location | Date acquired | Total Checkouts | Full call number | Barcode | Date last seen | Copy number | Price effective from | Koha item type |
|---|---|---|---|---|---|---|---|---|---|---|---|---|---|---|---|
| Dewey Decimal Classification | London | London | Journal article | 22/07/2004 | ABS68034 | 126906-1001 | 06/08/2019 | 1 | 06/08/2019 | Journal article |